| 000 | 00447nam a22001577a 4500 | ||
|---|---|---|---|
| 003 | SGT | ||
| 020 | _a9788184120134 | ||
| 082 | _a547.7,FLO | ||
| 100 | _aPAUL J. FLORY | ||
| 245 | _aPRINCIPLES OF POLYMER CHEMISTRY | ||
| 260 |
_aMEW DELHI _bASIAN BOOKS PRIVATE LIMITED _c2006 |
||
| 300 | _a672 | ||
| 650 | _aORGANIC CHEMISTRY | ||
| 653 | _aHISTORICAL INTRODUCTION,TYPES OF POLYMERIC SUBSTANCES DEFINITIONS AND CLASSIFICATION | ||
| 942 |
_2ddc _cFPS |
||
| 999 |
_c9444 _d9444 |
||